The Walking Dead Season 11 Characters - Statistics

General Stats
  • This quiz has been taken 28 times
  • The average score is 8 of 10
Answer Stats
Hint Answer % Correct
Sister of the above and love interest of Eugene Maxxine Mercer
100%
Head of security of the Commonwealth Michael Mercer
100%
Leader of the Commonwealth Pamela Milton
96%
Director of operations at the Commonwealth Lance Hornsby
87%
Son of the above Sebastian Milton
87%
Leader of the Reapers Pope
83%
Pregnant wife of Negan Annie
70%
Resident of the Commonwealth and brother of Yumiko Tomi
70%
Member of the Reapers and Leah's right hand man Brandon Carver
65%
Resident of Oceanside and love interest of Luke Jules
61%
No matching quizzes found
Score Distribution
Percent of People with Each Score
Percentile by Number Answered
Your Score History
You have not taken this quiz